000 00675nam a2200241Ia 4500
003 OSt
005 20221007081012.0
006 a|||||r|||| 00| 0
007 ta
008 221006b |||||||| |||| 00| 0 eng d
024 _a27,782
037 _cReports / Technical Reports
040 _aFLL
_cFLL
_beng
041 _2eng
_aeng
082 _aZ73:166, L0.13
100 _aMoore James William Ed.
_9696098
245 0 _aCollier on bankruptcy
250 _a14th
260 _aNew York
_bMatthew Bender
_c1970
300 _a918p
_ccm.
942 _hZ73:166, L0.13
_cREP
_2CC
999 _c1161636
_d1161636